<?xml version="1.0" encoding="UTF-8"?>
<record
    xmlns:xsi="http://www.w3.org/2001/XMLSchema-instance"
    xsi:schemaLocation="http://www.loc.gov/MARC21/slim http://www.loc.gov/standards/marcxml/schema/MARC21slim.xsd"
    xmlns="http://www.loc.gov/MARC21/slim">

  <leader>02368cam a22002897i 4500</leader>
  <controlfield tag="001">a48150050</controlfield>
  <controlfield tag="003">SIRSI</controlfield>
  <controlfield tag="005">20251029121633.0</controlfield>
  <controlfield tag="006">m     o  d        </controlfield>
  <controlfield tag="007">cr |n|||||||||</controlfield>
  <controlfield tag="008">250612s2025    mau     o     001 0 eng d</controlfield>
  <datafield tag="020" ind1=" " ind2=" ">
    <subfield code="a">9780760392461</subfield>
  </datafield>
  <datafield tag="035" ind1=" " ind2=" ">
    <subfield code="a">(OCoLC)1523142720</subfield>
  </datafield>
  <datafield tag="037" ind1=" " ind2=" ">
    <subfield code="a">9780760392478</subfield>
    <subfield code="b">O'Reilly Media</subfield>
  </datafield>
  <datafield tag="040" ind1=" " ind2=" ">
    <subfield code="a">YDX</subfield>
    <subfield code="b">eng</subfield>
    <subfield code="c">YDX</subfield>
    <subfield code="d">OCLCO</subfield>
    <subfield code="d">ORMDA</subfield>
    <subfield code="d">OCLCO</subfield>
    <subfield code="d">CLOUD</subfield>
    <subfield code="d">UtOrBLW</subfield>
  </datafield>
  <datafield tag="041" ind1=" " ind2=" ">
    <subfield code="a">eng</subfield>
  </datafield>
  <datafield tag="049" ind1=" " ind2=" ">
    <subfield code="a">UPMM</subfield>
  </datafield>
  <datafield tag="050" ind1=" " ind2="4">
    <subfield code="a">NK1510</subfield>
  </datafield>
  <datafield tag="100" ind1=" " ind2=" ">
    <subfield code="a">Sandler, Lyle H.</subfield>
    <subfield code="d">1960-</subfield>
    <subfield code="e">author</subfield>
    <subfield code="9">26351</subfield>
  </datafield>
  <datafield tag="245" ind1="1" ind2="0">
    <subfield code="a">Universal principles of storytelling for designers</subfield>
    <subfield code="b">: 100 key concepts for bringing good ideas to life</subfield>
    <subfield code="c">/ Lyle H. Sandler.</subfield>
  </datafield>
  <datafield tag="260" ind1=" " ind2=" ">
    <subfield code="a">Beverly, MA :</subfield>
    <subfield code="b">Rockport Publishers,</subfield>
    <subfield code="c">2025.</subfield>
  </datafield>
  <datafield tag="300" ind1=" " ind2=" ">
    <subfield code="a">213 pages :</subfield>
    <subfield code="b">illustrations, some color ;</subfield>
    <subfield code="c">26 cm.</subfield>
  </datafield>
  <datafield tag="520" ind1=" " ind2=" ">
    <subfield code="a">Unlock the power of storytelling in design with Universal Principles of Storytelling for Designers.

This essential reference offers a comprehensive exploration of storytelling techniques tailored specifically for designers. By integrating classic narrative elements&#x2014;such as character, conflict, and resolution&#x2014;into visual work, you can create more engaging and impactful projects.

In Universal Principles of Storytelling for Designers, interdisciplinary designer, innovator, and anthropologist Lyle Sandler covers:

Character Development: How to craft relatable and memorable personas in visual narratives. 
Plot Structure: Techniques for creating compelling arcs and engaging storylines. 
Emotional Resonance: Leveraging emotions to connect with the audience on a deeper level. 
Visual Storytelling: Utilizing design elements like color, typography, and composition to convey meaning and enhance the narrative.


The book is rich with examples from various design disciplines, including graphic design, UX/UI, and illustration. Sandler&#x2019;s expertise and accessible writing style make complex concepts easy to understand and apply.

Universal Principles of Storytelling for Designers is not just another design book; it&#x2019;s a guide to transforming your design work into unforgettable stories. By mastering these storytelling principles, you can create designs that not only look good but also resonate deeply with your audience.</subfield>
  </datafield>
  <datafield tag="650" ind1=" " ind2="0">
    <subfield code="a">Communication in design</subfield>
    <subfield code="9">26352</subfield>
  </datafield>
  <datafield tag="650" ind1=" " ind2="0">
    <subfield code="a">Design</subfield>
    <subfield code="v">Dictionaries</subfield>
    <subfield code="9">26353</subfield>
  </datafield>
  <datafield tag="942" ind1=" " ind2=" ">
    <subfield code="2">lcc</subfield>
  </datafield>
  <datafield tag="952" ind1=" " ind2=" ">
    <subfield code="0">0</subfield>
    <subfield code="1">0</subfield>
    <subfield code="2">ddc</subfield>
    <subfield code="4">0</subfield>
    <subfield code="7">0</subfield>
    <subfield code="a">TBS</subfield>
    <subfield code="b">TBS</subfield>
    <subfield code="d">2025-10-29</subfield>
    <subfield code="l">2</subfield>
    <subfield code="o">NK1510 SAN</subfield>
    <subfield code="p">B05684</subfield>
    <subfield code="r">2026-05-15</subfield>
    <subfield code="s">2026-02-02</subfield>
    <subfield code="t">1</subfield>
    <subfield code="w">2025-10-29</subfield>
    <subfield code="y">1</subfield>
  </datafield>
  <datafield tag="999" ind1=" " ind2=" ">
    <subfield code="c">5115</subfield>
    <subfield code="d">5115</subfield>
  </datafield>
</record>
